000 00855fam a2200313 a 4500
001 2133930
003 OSt
005 20211005145202.0
008 961121s1997 enka b 001 0 eng
010 _a 96049967 //r98
020 _a0750632666
035 _a(OCoLC)36011648
035 _a(OCoLC)ocm36011648
035 _a(NNC)2133930
038 _aKhadija
040 _aDLC
_cDLC
_dDLC
050 0 0 _aTA405
_b.H3 1997
082 0 0 _a620.112
_221
_bHEA
100 1 _aHearn, E. J.
_q(Edwin John)
_982941
245 1 0 _aMechanics of Materials
_cE.J. Hearn.
250 _a3rd ed.
260 _aOxford ;
_aBoston :
_bButterworth-Heinemann,
_c1997.
300 _a2 v. :
_bill. ;
_c25 cm.
504 _aIncludes bibliographical references and indexes.
563 _aPB
650 0 _aStrength of materials.
_9563
942 _2ddc
_cBK
999 _c33972
_d33972